00880nam a22002417a 450000500170000001000130001702000100003003500130004003700160005304000120006908200160008110000340009724500990013126000530023027000380028330000310032165000460035265000430039870000300044194200250047199900190049695201230051520170124110045.0 aA-779657 c00.00 aA-779657 bCen Lib/Ret aDPLbEN a841.08bYOG aYogananda, Paramhansa 924434 aThe rubainat of Omar Khayyam explained /cby Paramhansa Yogananda; edited by J.Donald Walters  bUBS Publishers Distributors LtdaNew Delhic1994 a5, Ansari RoadbNew Delhie110002 axx,354p. :c22cm(Hb)bill. aOmar Khayyam. -- Rubāʻīyāt.924432 aRubāʻīyāt (Omar Khayyam)924433 aWalters, J.Donald 972948 2ddccENh841.08mYOG c128784d128784 00104070aLbLd2015-07-03eCen Lib/Retg0.00l0o841.08 YOGpA-779657r2015-07-03 00:00:00t1v0.00w2016-09-15yEN